000 03907nab a2200277 i 4500
003 BR-BrBNA
005 20251111151548.0
008 251111b2022 bl.ar|pooa||| 00| 0 por |
040 _aBR-BrBNA
_beng
072 _aF70
100 _aMoraes, Quélita dos Santos
100 _aPellegrini, Marco Octávio de Oliveira
100 _aAlves-Araújo, Anderson
245 _aFlora of Espírito Santo: Commelinaceae
500 _aPublicação on-line; Bibliography p. 45-49 (75 ref.); 23 illus.; Summaries (En, Pt)
520 _a Abstract This work is a part of the Flora do Espírito Santo project. The aim was to morphologically characterize the species of Commelinaceae occurring in the state of Espírito Santo and provide data on their geographical distribution, phenology, and comments. Fieldwork and herbarium studies were carried out. A total of 38 species, arranged in 10 genera, were recorded. Dichorisandra is the richest genus (17 species), followed by Commelina (seven spp.), Tradescantia (four spp.), Siderasis (three spp.), Tripogandra (two spp.), and Aneilema, Callisia, Floscopa, Gibasis and Tinantia (one species each). Two species are herein described as new to science, and the synonymization of D. albomarginata is proposed under the older D. procera. Inflorescence (type and position), stamens (number, color, and anther dehiscence), fruit (shape and ornamentation), and seeds (ornamentation, the position of the embryotega, and hilum shape) are the key diagnostic morphological characters for genus and species delimitation. Most of the species richness and abundance are concentrated in the mountain region of Espírito Santo, one of the largest forest areas in the state, showing the importance of conserving the remaining Atlantic Forest’s fragments. Key words: Atlantic Forest, Commelina, Commelinales, Dichorisandra, Neotropical flora. Resumo O presente trabalho é parte integrante do projeto Flora do Espírito Santo. O objetivo foi caracterizar morfologicamente as espécies de Commelinaceae ocorrentes no estado do Espírito Santo e fornecer dados sobre sua distribuição geográfica, fenologia e comentários. Expedições de coleta e análises de material de herbário foram realizados, buscando inventariar as espécies ocorrentes no estado. Um total de 38 espécies em 10 gêneros foram registradas, sendo Dichorisandra o gênero mais representativo em números de espécies (17 spp.), seguido por Commelina (sete spp.), Tradescantia (quatro spp.), Siderasis (três spp.), Tripogandra (duas spp.) e Aneilema, Callisia, Floscopa, Gibasis e Tinantia (uma sp. cada). Duas espécies são aqui descritas como novas para a ciência e, a sinonimização de D. albomarginata sob D. procera é proposto. Caracteres morfológicos como: inflorescência (tipo e posição), estames (número, cor e deiscência), fruto (forma e ornamentação) e sementes (ornamentação, posição da embrioteca, e forma do hilo) são os principais caracteres diagnósticos para delimitação de gênero e espécie. A maior riqueza e abundância das espécies concentra-se na região serrana do Espírito Santo, uma das maiores áreas florestais do estado, evidenciando a importância da conservação e preservação dos fragmentos remanescentes de Mata Atlântica. Palavras-chave: Floresta Atlântica, Commelina, Commelinales, Dichorisandra, flora Neotropical.
650 _aFLORESTA ATLÂNTICA
650 _aFLORA
650 _aCOMMELINA
650 _aDISTRIBUIÇÃO GEOGRÁFICA
650 _aTAXONOMIA
773 0 _0709
_9357916
_dRio de Janeiro-RJ Jardim Botanico do Rio de Janeiro 1935
_o2025-5881
_tRodriguésia (Brazil)
_x0370-6583; 2175-7860 on-line
_gv. 73 p. 1-49; (2022)
_wBR2025004404
856 _uhttps://www.scielo.br/j/rod/a/XTXbX9XqYXYf6CJsRfX3Lkz/?format=pdf&lang=en
942 _cANA
999 _c339026
_d339026